Asbestos management (Record no. 76110)

MARC details
000 -LEADER
fixed length control field 01049cab a2200193 4500
001 - CONTROL NUMBER
control field ##L131481
008 - FIXED-LENGTH DATA ELEMENTS--GENERAL INFORMATION
fixed length control field 051107n2005 000 0 eng u
035 ## - SYSTEM CONTROL NUMBER
System control number (Sirsi) u131481
041 0# - LANGUAGE CODE
Language code of text/sound track or separate title eng
100 1# - MAIN ENTRY--PERSONAL NAME
Personal name Mann, David
245 00 - TITLE STATEMENT
Title Asbestos management
Remainder of title Duty holders' responsibilities under the new regulations and a typical methodology survey
260 ## - PUBLICATION, DISTRIBUTION, ETC.
Date of publication, distribution, etc. 2005
490 #0 - SERIES STATEMENT
Series statement Journal of Building Appraisal
Volume/sequential designation 1(3) September 2005, 244-252(9)
520 ## - SUMMARY, ETC.
Summary, etc. Provides practical advice to duty holders and their advisers on how to comply with their responsibilities under Regulation 4 of the Control of Asbestos at Work Regulations 2002 (CAWR). Advocates following steps: desktop study of plans and specifications, inspection of the building, survey planning, preparation and adoption of asbestos management plan, application for land remediation tax relief (if appropriate).
590 ## - LOCAL NOTE (RLIN)
Local note IKA081105
650 24 - SUBJECT ADDED ENTRY--TOPICAL TERM
Topical term or geographic name entry element CONTROL OF ASBESTOS AT WORK REGULATIONS 2002
690 ## - LOCAL SUBJECT ADDED ENTRY--TOPICAL TERM (OCLC, RLIN)
Topical term or geographic name as entry element MANAGEMENT-HEALTH AND SAFETY-HAZARDOUS SUBSTANCES-ASBESTOS
942 ## - ADDED ENTRY ELEMENTS (KOHA)
Suppress in OPAC 0
Holdings
Withdrawn status Lost status Source of classification or shelving scheme Damaged status Not for loan Home library Current library Shelving location Date acquired Total Checkouts Full call number Barcode Date last seen Copy number Price effective from Koha item type
    Dewey Decimal Classification     London London Journal article 07/11/2005   L131481 131481-1001 06/08/2019 1 06/08/2019 Journal article